|
|
|
|
| LEADER |
00000nam0a2200000 4500 |
| 001 |
28854 |
| 005 |
20231101205857.0 |
| 010 |
|
|
|a 5020002216
|
| 035 |
|
|
|a (RuTPU)RU\TPU\book\29111
|
| 035 |
|
|
|a BOOK00029186
|
| 090 |
|
|
|a 28854
|
| 100 |
|
|
|a 20011209d1992 k y0rusy50 ca
|
| 101 |
0 |
|
|a rus
|
| 102 |
|
|
|a RU
|
| 105 |
|
|
|a a z 011zy
|
| 200 |
1 |
|
|a Структурная кристаллография
|e Сборник научных трудов
|f Российская академия наук (РАН), Институт кристаллографии им. А. В. Шубникова (ИК)
|
| 210 |
|
|
|a Москва
|c Наука
|d 1992
|
| 215 |
|
|
|a 292 с.
|c ил.
|
| 225 |
1 |
|
|a Проблемы современной кристаллографии
|
| 300 |
|
|
|a К 100-летию со дня рождения Н. В. Белова.
|
| 320 |
|
|
|a Библиогр. в конце ст.
|
| 606 |
1 |
|
|a Кристаллография структурная
|2 stltpush
|3 (RuTPU)RU\TPU\subj\16334
|9 42437
|
| 610 |
1 |
|
|a кристаллография
|
| 610 |
1 |
|
|a структурная кристаллография
|
| 610 |
1 |
|
|a кристаллы
|
| 610 |
1 |
|
|a свойства
|
| 610 |
1 |
|
|a математические методы
|
| 610 |
1 |
|
|a неорганические соединения
|
| 610 |
1 |
|
|a органические соединения
|
| 610 |
1 |
|
|a белковые кристаллы
|
| 675 |
|
|
|a 548.7
|v 3
|
| 712 |
0 |
2 |
|a Российская академия наук (РАН)
|b Институт кристаллографии им. А. В. Шубникова (ИК)
|c (Москва)
|2 stltpush
|3 (RuTPU)RU\TPU\col\301
|
| 801 |
|
0 |
|a RU
|b 63413507
|c 20011209
|g PSBO
|
| 801 |
|
2 |
|a RU
|b 63413507
|c 20200826
|g PSBO
|
| 942 |
|
|
|c BK
|